000
00459nam a2200145Ia 4500
008
151213s9999 xx 000 0 und d
100
_a
কে. আলী।
245
_a
ভারতীয় উপ: ইতিহাস।
_c
কে. আলী।
260
_a
ঢাকা
_b
আলী পাবলিকেশন্স।
_c
1979
300
_a
8635 p.
650
_a
Bangla
650
_a
ইতিহাস।
700
_a
কে. আলী।
999
_c
4422
_d
4422